Feels - Calvin Harry - Lyrics - Statistics

General Stats
  • This quiz has been taken 13 times
  • The average score is 269 of 439
Answer Stats
Answer % Correct
a
90%
A
90%
do
90%
Do
90%
I
90%
i
90%
to
90%
To
90%
afraid
80%
afraid,
80%
be
80%
Don't
80%
feel
80%
feels
80%
Feels
80%
an
70%
and
70%
And
70%
catch
70%
for
70%
it
70%
It
70%
it,
70%
know
70%
know,
70%
me
70%
No
70%
no
70%
the
70%
The
70%
you
70%
you?
70%
you,
70%
You
70%
ain't
60%
Baby,
60%
baby
60%
forever
60%
gon'
60%
if
60%
In
60%
in
60%
like
60%
meant
60%
mind
60%
nothing
60%
on
60%
One
60%
right
60%
this
60%
your
60%
you're
60%
all
50%
As
50%
as
50%
'at'
50%
at
50%
back,
50%
chase
50%
cologne
50%
cost
50%
dollar
50%
done
50%
drop
50%
entrance
50%
ever
50%
find
50%
get
50%
Goddamn,
50%
goggles,
50%
gone
50%
here
50%
hoes
50%
honestly,
50%
I'm
50%
last
50%
long
50%
looking
50%
looking,
50%
love
50%
make
50%
maximum
50%
mental
50%
might
50%
minute
50%
moment
50%
my
50%
need
50%
next
50%
pills
50%
pop
50%
receipt
50%
say
50%
scared
50%
shock
50%
slow
50%
So,
50%
steal
50%
steel
50%
stop
50%
take
50%
too
50%
top
50%
upload
50%
views
50%
want
50%
way
50%
what
50%
what's
50%
when
50%
When
50%
with
50%
x
50%
air,
40%
alone
40%
attention?
40%
bed,
40%
best
40%
but
40%
But
40%
can
40%
comparing
40%
consistency
40%
cut
40%
distance
40%
electricity
40%
exes
40%
flings
40%
Flyin'
40%
from
40%
getting
40%
had,
40%
Hey !
40%
intentions
40%
it'll
40%
Just
40%
just
40%
kiss ?
40%
kiss?
40%
little
40%
memorize
40%
memory,
40%
mixed
40%
more
40%
move
40%
off
40%
or
40%
o's
40%
owe.
40%
paid
40%
phone
40%
preparing
40%
reality
40%
respect
40%
Ride
40%
same
40%
shocks
40%
shopper
40%
souvenir
40%
souvenir,
40%
still
40%
sucker
40%
these
40%
thrills
40%
virtual
40%
wanna
40%
was
40%
Wear
40%
window
40%
wrong
40%
Airbnb
30%
came
30%
fave
30%
first-class
30%
guys
30%
I'ma
30%
old
30%
parakeet
30%
put
30%
She's
30%
through
30%
wearing
30%
clutch
20%
lipsticks
20%
phones
20%
No matching quizzes found
Score Distribution
Percent of People with Each Score
Percentile by Number Answered
Your Score History
You have not taken this quiz